Statistics for 标记着色拼图 #1

Click here to take the quiz!

General Stats

  • This quiz has been taken 832 times
  • The average score is 4 of 6

Answers on the Map

Answers color-coded by a green-red scale on the quiz's map according to % correct below.
 

Answer Stats

Answer% Correct
白色的
89%
红色的
62%
绿色的
61%
黑色的
59%
黄色的
53%
蓝色的
44%

Score Distribution

Percentile by Number Answered

Percent of People with Each Score

Your Score History

You have not taken this quiz